| 000 | 00451nam a2200133Ia 4500 | ||
|---|---|---|---|
| 008 | 191206s9999 xx 000 0 und d | ||
| 020 | _a9781260547924 | ||
| 100 | _aFeist, Gregory | ||
| 245 |
_cGregory Feist _aFundamentals of psychology: _bperspectives and connections/ |
||
| 260 |
_aNY: _bMcGrawHill Education _c2020 |
||
| 300 |
_axxiii, 567 p. ; _bcol. ill. : _c28 cm. |
||
| 500 | _aIncludes index and bibliographical references | ||
| 650 | _aPsychology | ||
| 999 |
_c362833 _d362833 |
||